LEADER 00602nam a2200181 i 4500 001 000000049989 003 CaOOAMICUS 005 20101129000000.0 008 101129n it u000 u ita u 013 $a21160 040 $aSeMil$bita 245 10$aVolume primo. 300 $a558 p., [1] c. di tav. 773 0 $aBongianino, Luigi$tPastore tra la sua gente.$dTortona : [s.n.], 1990$w()24022 850 $aSeMil 852 $aSeMil$W1$xVenegono$y1$m3J VI 212$j16144$B16144$CSeMilBibl$Z2$F16144 $81 961 $aOmaggio: Dossena mons. Tranquillo 996 $6245$aVolume primo$9(OLS)http://semarc/title/17661 LEADER 00843nam a2200229 i 4500 001 000000063733 003 CaOOAMICUS 005 20241205103001.0 008 030626s1969 fr u000 u fre u 013 $a34905 040 $aSeMil$bita 245 10$aTome 1. 300 $a528 p. 490 0 $aSources Chrétiennes ;$vN°144. 700 1 $aBogaert, Pierre-Maurice,$c.$0(OLS)http://semarc/name/7431 773 0 $aBogaert, Pierre-Maurice $tApocalypse de Baruch.$dParis : Les Éditions du Cerf, 1969.$w()16071 830 0$aSources chrétiennes ;$v144.$0(OLS)http://semarc/title/72 850 $aSeMil 852 $aSeMil$W1$xVenegono$y1$mSL1.T III 144$j29886$B29886$CSeMilBibl$Z2$F29889 $8I 961 $aLascito: Colombo Card. Giovanni 996 $6245$aTome 1$9(OLS)http://semarc/title/1447